|
|
|
|
| LEADER |
00000nam0a2200000 4500 |
| 001 |
123875 |
| 005 |
20231031130650.0 |
| 020 |
|
|
|a RU
|b 85-69505
|
| 035 |
|
|
|a (RuTPU)RU\TPU\book\134065
|
| 090 |
|
|
|a 123875
|
| 100 |
|
|
|a 20071025d1985 m y0rusy5003 ca
|
| 101 |
0 |
|
|a rus
|
| 102 |
|
|
|a RU
|
| 105 |
|
|
|a a z 000gy
|
| 200 |
1 |
|
|a Костер на снегу
|e Стихотворения и поэмы
|f Е. В. Шевелева
|g худож. В. Аладьев
|
| 215 |
|
|
|a 326 с.
|c цв. ил.
|d 17 см
|
| 225 |
1 |
|
|a Библиотека поэзии "Россия"
|
| 610 |
1 |
|
|a советская литература
|
| 610 |
1 |
|
|a поэзия
|
| 610 |
1 |
|
|a стихотворения
|
| 610 |
1 |
|
|a поэмы
|
| 675 |
|
|
|a Р2
|z rus
|
| 700 |
|
1 |
|a Шевелева
|b Е. В.
|g Екатерина Васильевна
|4 070
|
| 702 |
|
1 |
|a Аладьев
|b В.
|4 440
|
| 801 |
|
0 |
|a RU
|b RuMRKP
|c 19950704
|g psbo
|
| 801 |
|
1 |
|a RU
|b 63413507
|c 20071025
|g PSBO
|
| 801 |
|
2 |
|a RU
|b 63413507
|c 20071025
|g PSBO
|
| 942 |
|
|
|c BK
|